| 000 | 00679nam a22002537a 4500 | ||
|---|---|---|---|
| 003 | dela salle | ||
| 005 | 20140310182915.0 | ||
| 008 | 130129t xxu||||| |||| 00| 0 eng d | ||
| 020 | _a9712328732 | ||
| 050 |
_aPN 1059 _b.Ag283 2000 |
||
| 082 |
_aFIL 808.1 _2Ag9 2000 |
||
| 245 |
_aUnderstanding poetry : through imagery with exemplifying exercises _cAguilar, Celedonio |
||
| 250 | _a1st ed. | ||
| 260 |
_aManila _bRex Book Store _c2000 |
||
| 300 |
_axiv, 169 p. _c23 cm. |
||
| 521 | _acollege students | ||
| 526 | _c1210L-1700L | ||
| 541 | _j1 | ||
| 541 | _j2 | ||
| 541 | _j3 | ||
| 541 | _j4 | ||
| 562 | _e4 | ||
| 942 |
_2lcc _cBK _kFIL |
||
| 999 |
_c17288 _d17288 |
||